Wird geladen...
Television in Kheda a socila evaluation of site
| 1. Verfasser: | |
|---|---|
| Format: | Printed Book |
| Veröffentlicht: |
New Delhi:
Concept publishing company,
1986.
|
| LEADER | 00453nam a22001217a 4500 | ||
|---|---|---|---|
| 082 | |a 791.45 |b AGR/T | ||
| 100 | |a Agrawal, Binod C | ||
| 245 | |a Television in Kheda |b a socila evaluation of site | ||
| 260 | |a New Delhi: |b Concept publishing company, |c 1986. | ||
| 300 | |a 78p.: | ||
| 942 | |2 ddc |c BK | ||
| 999 | |c 148456 |d 148456 | ||
| 952 | |0 0 |1 0 |4 0 |6 791_450000000000000_AGR_T |7 0 |9 158500 |a MCJ |b MCJ |c ST1 |d 2011-06-30 |i 776 |l 2 |o 791.45 AGR/T |p MCJ776 |r 2016-07-21 |s 2016-07-15 |w 2011-06-30 |y BK | ||